Vida cultural intensa / por Juan Maciá Mercadé
Publicado:
San Jorge, núm. 78 (2n trimestre 1970), pàg 108 :
MARC
| LEADER | 00000nam a2200000Ia 4500 | ||
|---|---|---|---|
| 003 | BGR | ||
| 005 | 20260324175753.0 | ||
| 008 | 160829s9999 xx 000 0 cat d | ||
| 100 | |a Macià Mercadé, Juan |9 40170 | ||
| 245 | |a Vida cultural intensa / por Juan Maciá Mercadé | ||
| 260 | |a San Jorge, núm. 78 (2n trimestre 1970), pàg 108 | ||
| 610 | 2 | 0 | |9 70106 |a Agrupació Astronòmica de Sabadell |
| 650 | |a Sabadell |x Vida intel·lectual |9 40571 | ||
| 901 | |a Arxiu | ||
| 942 | |n 1 |2 udc |c MON | ||
| 952 | |0 0 |1 0 |4 0 |7 1 |9 49791 |a Arxiu |b Arxiu |d 2016-12-01 |l 0 |r 2016-12-01 00:00:00 |w 2016-12-01 |y ARXIU | ||
| 999 | |c 53633 |d 53633 | ||